| 000 | 01695 a2200289 4500 | ||
|---|---|---|---|
| 003 | OSt | ||
| 005 | 20180116192341.0 | ||
| 008 | 120525t xxu||||| |||| 00| 0 eng d | ||
| 020 | _a0333665090 (paperback) | ||
| 020 | _a9780333665091 (paperback) | ||
| 040 | _c0 | ||
| 082 | _a651.7 | ||
| 100 | 1 |
_aStanton, Nicki. _92302 |
|
| 245 | 1 | 0 |
_aMastering communication / _cNicki Stanton. |
| 250 | _a3rd ed. | ||
| 260 |
_aLondon : _bPalgrave Macmillan, _c1996. |
||
| 300 |
_a424 p. : _c24 cm. |
||
| 490 | 1 | _aPalgrave master s. | |
| 500 | _aInclude index . | ||
| 520 | _aEffective communication is the key to success! This book is for anyone wishing to improve their communication skills and knowledge of the way in which communications function in organisations. * the third edition of this highly successful book has been fully revised to bring it fully up to date and incorporates latest electronic developments * covers the skills of speaking, writing, listening and effective reading * provides detailed guidance on telephoning, interviewing, meetings, speaking in public, letter and report writing, visual and non-verbal communication and the use of visual aids * contains useful sections on grammar and usage, checklists on spelling and commonly misused and confused words * activities, assignments, self-checks and exercises are included throughout. | ||
| 650 | 0 |
_a Communication _92303 |
|
| 650 | 0 |
_aCommunication in organizations _92304 |
|
| 830 | 0 |
_aPalgrave master s. _92305 |
|
| 856 | 4 | 0 |
_3Amazon.com _uhttp://www.amazon.com/exec/obidos/ASIN/0333665090/chopaconline-20 |
| 942 |
_aSADA _cBK _k651.7 STA 1996 _2ddc |
||
| 999 |
_c352677 _d352677 |
||